Normal view
MARC view
Entry Personal Name
001 - CONTROL NUMBER
- control field: 43660
003 - CONTROL NUMBER IDENTIFIER
- control field: ARRUPE
005 - DATE AND TIME OF LATEST TRANSACTION
- control field: 20181127112827.0
008 - FIXED-LENGTH DATA ELEMENTS
- fixed length control field: 181127|| aca||aabn | a|a d
040 ## - CATALOGING SOURCE
- Original cataloging agency: ARRUPE
- Transcribing agency: ARRUPE
100 ## - HEADING--PERSONAL NAME
- Personal name: Mary, St.
- Titles and other words associated with a name: Blessed Virgin, Saint
- General subdivision: Biblical teaching.
670 ## - SOURCE DATA FOUND
- Source citation: Work cat.: (ARRUPE)0: La Potterie, Ignace de, 1914- 43659, Mary in the mystery of the Covenant /, c1998.